Rozpoznaj postacie z FNaF po krótkim opisie. - Statystyki

Ogólne statystyki
  • Ten quiz został rozwiązany 792 razy
  • Średni wynik to 6 z 10
Statystyki odpowiedzi
Hint Odpowiedź % Poprawnych
Lider zespołu. (FNaF 1) Freddy
99%
Głowna postać w FNaF 3 Springtrap
93%
Umarł w sprężynowym stroju królika. William Afton
86%
Pomaga nam w FNaF SB Glamrock Freddy
78%
Jak nazywa się "Pacynka"Funtime Freddiego? Bon Bon
73%
Najmniej lubiana postać. Balloon Boy
54%
Wersja Springtrapa w HelpWanted Glitchtrap
51%
Prawdziwa nazwa Shadow Bonnie.;) RWQFSFASXC
20%
Głowna postać w DLC doHelp Wanted Dredbear
17%
Postać która wystąpiła wFFPS, UCN, SB Music man
16%
Nie znaleziono quizów pasujących do podanych kryteriów
Rozkład punktacji
Procent ludzi z każdym wynikiem
Percentyl według liczby udzielonych odpowiedzi
Twoja historia wyników
Nie rozwiązałeś tego quizu